Normal view
MARC view
Entry Personal Name
001 - CONTROL NUMBER
- control field: 29920
003 - CONTROL NUMBER IDENTIFIER
- control field: ARRUPE
005 - DATE AND TIME OF LATEST TRANSACTION
- control field: 20170427141500.0
008 - FIXED-LENGTH DATA ELEMENTS
- fixed length control field: 170427|| aca||aabn | a|a d
040 ## - CATALOGING SOURCE
- Original cataloging agency: ARRUPE
- Transcribing agency: ARRUPE
100 ## - HEADING--PERSONAL NAME
- Personal name: Gann, Lewis H
670 ## - SOURCE DATA FOUND
- Source citation: Work cat.: (ARRUPE)44913: Gann, Lewis H, White settlers in tropical Africa, 1962